Les partis politiques en Grande-Bretagne (notice n° 2198480)

détails MARC
000 -LEADER
fixed length control field 01958cam a2200145 4500500
005 - DATE AND TIME OF LATEST TRANSACTION
control field 20260405085544.0
041 ## - LANGUAGE CODE
Language code of text/sound track or separate title fre
042 ## - AUTHENTICATION CODE
Authentication code dc
100 10 - MAIN ENTRY--PERSONAL NAME
Personal name Alexandre-Collier, Agnès
Relator term author
245 00 - TITLE STATEMENT
Title Les partis politiques en Grande-Bretagne
260 ## - PUBLICATION, DISTRIBUTION, ETC.
Name of publisher, distributor, etc. Armand Colin,<br/>
Date of publication, distribution, etc. 2013.<br/>
520 ## - SUMMARY, ETC.
Summary, etc. La vie politique en Grande-Bretagne est marquée par l’une des histoires les plus riches et anciennes d’Europe, mais son originalité reste largement méconnue – surtout par le public francophone, qui la réduit trop souvent à l’affrontement des deux grands partis dominants : Labour et Tories. D’où le présent ouvrage qui analyse l’ensemble des partis politiques, en soulignant la force des changements intervenus récemment en Grande-Bretagne. Fondé sur une définition précise du parti politique, il tient compte des multiples dimensions des organisations partisanes (idéologie-valeurs, ressources, soutiens). Il insiste aussi sur la modernisation des grands partis majoritaires (New Labour de Tony Blair, New Tories de David Cameron), ainsi que sur les conditions de la formation d’une coalition gouvernementale aux élections de mai 2010 et l’ascension des libéraux-démocrates. En outre, les auteurs mesurent l’impact du processus de dévolution des pouvoirs, au profit de l’Écosse et du pays de Galles, et s’interrogent sur les mutations des partis nord-irlandais. Ils mettent enfin en lumière la visibilité croissante des petits partis, notamment des Verts, et la montée du populisme (British National Party et United Kingdom Independence Party). Destiné aux étudiants de Licence, de Master et de Doctorat, cet ouvrage s’adresse aussi à toute personne désireuse de bénéficier d’un regard actualisé sur la vie politique britannique.
700 10 - ADDED ENTRY--PERSONAL NAME
Personal name Avril, Emmanuelle
Relator term author
856 41 - ELECTRONIC LOCATION AND ACCESS
Uniform Resource Identifier <a href="https://shs.cairn.info/les-partis-politiques-en-grande-bretagne--9782200275983?lang=fr&redirect-ssocas=7080">https://shs.cairn.info/les-partis-politiques-en-grande-bretagne--9782200275983?lang=fr&redirect-ssocas=7080</a>

Pas d'exemplaire disponible.

PLUDOC

PLUDOC est la plateforme unique et centralisée de gestion des bibliothèques physiques et numériques de Guinée administré par le CEDUST. Elle est la plus grande base de données de ressources documentaires pour les Étudiants, Enseignants chercheurs et Chercheurs de Guinée.

Adresse

627 919 101/664 919 101

25 boulevard du commerce
Kaloum, Conakry, Guinée

Réseaux sociaux

Powered by Netsen Group @ 2025